|
|
|
|
| LEADER |
02286nam a2200433 a 4500 |
| 001 |
EBC3001859 |
| 003 |
MiAaPQ |
| 005 |
20200520144314.0 |
| 006 |
m o d | |
| 007 |
cr cn||||||||| |
| 008 |
060818s2007 nyua s 001 0 eng |
| 010 |
|
|
|z 2006026860
|
| 015 |
|
|
|a GBA692297
|2 bnb
|
| 016 |
7 |
|
|z 013590081
|2 Uk
|
| 020 |
|
|
|z 0814408850 (hardcover)
|
| 020 |
|
|
|z 9780814408858 (hardcover)
|
| 035 |
|
|
|a (MiAaPQ)EBC3001859
|
| 035 |
|
|
|a (Au-PeEL)EBL3001859
|
| 035 |
|
|
|a (CaPaEBR)ebr10196201
|
| 035 |
|
|
|a (CaONFJC)MIL112654
|
| 035 |
|
|
|a (OCoLC)815543274
|
| 040 |
|
|
|a MiAaPQ
|c MiAaPQ
|d MiAaPQ
|
| 043 |
|
|
|a n-us---
|
| 050 |
|
4 |
|a HG179
|b .H59477 2007
|
| 082 |
0 |
4 |
|a 332.0240086/55
|2 22
|
| 100 |
1 |
|
|a Holzer, Bambi.
|
| 245 |
1 |
0 |
|a Financial bliss
|h [electronic resource] :
|b a couple's guide to merging money styles and building a rich life together /
|c Bambi Holzer.
|
| 260 |
|
|
|a New York :
|b AMACOM, American Management Association,
|c c2007.
|
| 300 |
|
|
|a vi, 250 p. :
|b ill.
|
| 500 |
|
|
|a Includes index.
|
| 505 |
0 |
|
|a Getting to know you and your partner -- Love-- and dead ends-- are blind -- Finance is in the eye of the beholder--our individual money styles -- "We need to talk" -- Conducting your financial state of the union meeting -- Merging and managing your financial life together -- Yours, mine, and ours--marrying your finances-- or not -- No secrets--keeping and maintaining good financial records -- Successfully preparing for your financial life events -- Setting up house -- Children and couplehood -- Being prepared for emergencies -- Retirement--at long last and how long will our money last? -- Estate planning -- Investing today--what you need to do now -- Times have changed -- What to invest in now -- Epilogue--parting words.
|
| 533 |
|
|
|a Electronic reproduction. Ann Arbor, MI : ProQuest, 2015. Available via World Wide Web. Access may be limited to ProQuest affiliated libraries.
|
| 650 |
|
0 |
|a Couples
|z United States
|x Finance, Personal.
|
| 650 |
|
0 |
|a Investments
|z United States.
|
| 650 |
|
0 |
|a Financial security
|z United States.
|
| 650 |
|
0 |
|a Wealth
|z United States.
|
| 655 |
|
4 |
|a Electronic books.
|
| 710 |
2 |
|
|a ProQuest (Firm)
|
| 856 |
4 |
0 |
|u https://ebookcentral.proquest.com/lib/matrademy/detail.action?docID=3001859
|z Click to View
|